[Event "Titled Tuesday intern op 04th Jan"]
[Site "Chess.com INT"]
[Date "2022.01.04"]
[Round "2"]
[White "Ptacnikova, Lenka"]
[Black "Song, Michael"]
[Result "1-0"]
[WhiteElo "2173"]
[BlackElo "2410"]
[PlyCount "73"]
[GameId "1735454118080512"]
[EventDate "2022.01.04"]
[EventType "swiss (blitz)"]
[EventRounds "11"]
[EventCountry "USA"]
[SourceTitle "EXT 2023"]
[Source "ChessBase"]
[SourceDate "2022.10.05"]
[SourceVersion "1"]
[SourceVersionDate "2022.10.05"]
[SourceQuality "1"]

1. c4 Nf6 2. g3 g6 3. Bg2 Bg7 4. Nc3 c5 5. Nf3 O-O 6. O-O Nc6 7. d4 cxd4 8. Nxd4 d6 9. Nxc6 bxc6 10. Bxc6 Rb8 11. Bg2 Qa5 12. Bd2 Qh5 13. b3 Bh3 14. e3 Ng4 15. f3 Bxg2 16. fxg4 Qh3 17. Rf2 Bc6 18. Rc1 f5 19. Qf1 fxg4 20. Qxh3 gxh3 21. Rxf8+ Rxf8 22. Nd5 Rf7 23. Nf4 Bd7 24. c5 dxc5 25. Rxc5 e5 26. Nd3 Bf5 27. Nf2 h5 28. e4 Bd7 29. Bc3 g5 30. Bxe5 Bf8 31. Rd5 g4 32. Bd4 Bc6 33. Rg5+ Kh7 34. Rxh5+ Kg6 35. Ra5 Bb4 36. Rxa7 Rc7 37. Rxc7 1-0

[Event "Titled Tuesday intern op 01st Feb-B"]
[Site "Chess.com INT"]
[Date "2022.02.02"]
[Round "2"]
[White "Song, Michael"]
[Black "Kukula, Pawel"]
[Result "1-0"]
[WhiteElo "2410"]
[BlackElo "2109"]
[PlyCount "71"]
[GameId "1745611438915584"]
[EventDate "2022.02.02"]
[EventType "swiss (blitz)"]
[EventRounds "11"]
[EventCountry "USA"]
[SourceTitle "CBM 206 Extra"]
[Source "ChessBase"]
[SourceDate "2022.03.31"]
[SourceVersion "1"]
[SourceVersionDate "2022.03.31"]
[SourceQuality "1"]

1. e4 c5 2. Nf3 Nc6 3. d4 cxd4 4. Nxd4 Nf6 5. Nc3 e5 6. Ndb5 d6 7. Bg5 a6 8. Na3 b5 9. Bxf6 gxf6 10. Nd5 Bg7 11. c4 b4 12. Nc2 f5 13. Bd3 f4 14. Be2 Rb8 15. b3 Be6 16. g3 O-O 17. Bg4 f5 18. Bxf5 Bxf5 19. exf5 Rxf5 20. Qg4 Rg5 21. Qe6+ Kh8 22. Rd1 Rg6 23. Qf5 Rg5 24. Qe4 Qf8 25. O-O Re8 26. Kg2 Nd4 27. Nxd4 exd4 28. Qf3 Rf5 29. g4 Rfe5 30. Rxd4 Re1 31. Rxf4 Qg8 32. Rxe1 Rxe1 33. h3 h5 34. Nf6 Bxf6 35. Rxf6 hxg4 36. Rh6+ 1-0

[Event "Titled Tuesday intern op 01st Feb-B"]
[Site "Chess.com INT"]
[Date "2022.02.02"]
[Round "4"]
[White "Song, Michael"]
[Black "Sarquis, Maria Belen"]
[Result "0-1"]
[WhiteElo "2410"]
[BlackElo "2102"]
[PlyCount "122"]
[GameId "1745611440513024"]
[EventDate "2022.02.02"]
[EventType "swiss (blitz)"]
[EventRounds "11"]
[EventCountry "USA"]
[SourceTitle "CBM 206 Extra"]
[Source "ChessBase"]
[SourceDate "2022.03.31"]
[SourceVersion "1"]
[SourceVersionDate "2022.03.31"]
[SourceQuality "1"]

1. e4 e5 2. Nf3 Nc6 3. Bc4 Bc5 4. d3 Nf6 5. c3 d6 6. O-O a6 7. Nbd2 h6 8. Re1 Ba7 9. Bb3 O-O 10. Nf1 Ne7 11. Be3 Ng6 12. Bxa7 Rxa7 13. Ne3 c6 14. Bc2 Re8 15. Nc4 Qc7 16. d4 Be6 17. Ne3 Raa8 18. g3 a5 19. h4 Ng4 20. d5 Nxe3 21. Rxe3 Bg4 22. Qf1 cxd5 23. exd5 Ne7 24. Rd1 Qc5 25. Rd2 a4 26. Nh2 Bd7 27. c4 Rac8 28. b3 axb3 29. axb3 b5 30. Bd3 Bf5 31. Bxf5 Nxf5 32. Rc3 b4 33. Rf3 g6 34. Ng4 Kg7 35. Kh2 Nd4 36. Rfd3 f5 37. Ne3 Nf3+ 38. Kg2 Nxd2 39. Rxd2 Ra8 40. h5 f4 41. Qb1 e4 42. gxf4 gxh5 43. Nf5+ Kf6 44. Nd4 Rg8+ 45. Kf1 Rg4 46. Qb2 Kf7 47. Nf5 Rg6 48. Ng3 e3 49. Re2 exf2 50. Qc2 Rxg3 51. Qf5+ Kg8 52. Qe6+ Kh7 53. Qf5+ Kh8 54. Qf6+ Rg7 55. Qxh6+ Kg8 56. Qe6+ Rf7 57. Qg6+ Rg7 58. Qe6+ Kh7 59. Qf5+ Kh6 60. Qf6+ Rg6 61. Qb2 Rg1# 0-1

[Event "Foxwoods op 14th"]
[Site "Ledyard"]
[Date "2022.04.14"]
[Round "2"]
[White "Song, Michael"]
[Black "Gledura, Benjamin"]
[Result "0-1"]
[WhiteElo "2424"]
[BlackElo "2652"]
[PlyCount "42"]
[GameId "1828148649189376"]
[EventDate "2022.04.13"]
[EventType "swiss"]
[EventRounds "9"]
[EventCountry "USA"]
[SourceTitle "EXT 2023"]
[Source "ChessBase"]
[SourceDate "2022.10.05"]
[SourceVersion "1"]
[SourceVersionDate "2022.10.05"]
[SourceQuality "1"]

1. e4 c5 2. Nf3 e6 3. c3 d5 4. exd5 Qxd5 5. Na3 Nf6 6. d4 Nc6 7. Bc4 Qd8 8. Nc2 Qc7 9. Qe2 Be7 10. Be3 b6 11. dxc5 bxc5 12. O-O O-O 13. Bg5 Rb8 14. Ne3 Nh5 15. Bxe7 Nxe7 16. b3 Nf4 17. Qc2 Bb7 18. Ne1 Rbd8 19. h4 Neg6 20. g3 Nxh4 21. f3 Nd5 0-1

[Event "Titled Tuesday intern op 31st May Late"]
[Site "Chess.com INT"]
[Date "2022.05.31"]
[Round "4"]
[White "Song, Michael"]
[Black "Jumabayev, Rinat"]
[Result "0-1"]
[WhiteElo "2408"]
[BlackElo "2628"]
[PlyCount "66"]
[GameId "1788681181655040"]
[EventDate "2022.05.31"]
[EventType "swiss (blitz)"]
[EventRounds "11"]
[EventCountry "USA"]
[SourceTitle "CBM 208 Extra"]
[Source "ChessBase"]
[SourceDate "2022.07.31"]
[SourceVersion "1"]
[SourceVersionDate "2022.07.31"]
[SourceQuality "1"]

1. d4 d6 2. e4 g6 3. Nc3 c6 4. f4 d5 5. e5 h5 6. Nf3 Nh6 7. Be3 Bg4 8. Bf2 e6 9. Bd3 Nf5 10. h3 Bxf3 11. Qxf3 h4 12. Ne2 Nd7 13. c3 c5 14. dxc5 Bxc5 15. O-O Bxf2+ 16. Qxf2 Qb6 17. Nd4 Nc5 18. Rad1 Rc8 19. Bb1 Ke7 20. Rd2 Na4 21. Bxf5 gxf5 22. Nf3 Qxf2+ 23. Kxf2 Rc6 24. Ke3 Nb6 25. Re2 Rc4 26. Nd4 Rg8 27. Rff2 Nd7 28. Kd2 a6 29. b3 Rcc8 30. Nf3 Nc5 31. Ke1 Ne4 32. Rf1 Rxc3 33. Nxh4 Rc1# 0-1

[Event "Titled Tuesday intern op 14th Jun Late"]
[Site "Chess.com INT"]
[Date "2022.06.14"]
[Round "4"]
[White "Jiganchine, Roman"]
[Black "Song, Michael"]
[Result "0-1"]
[WhiteElo "2205"]
[BlackElo "2409"]
[PlyCount "90"]
[GameId "1793774277816320"]
[EventDate "2022.06.14"]
[EventType "swiss (blitz)"]
[EventRounds "11"]
[EventCountry "USA"]
[SourceTitle "EXT 2023"]
[Source "ChessBase"]
[SourceDate "2022.10.05"]
[SourceVersion "1"]
[SourceVersionDate "2022.10.05"]
[SourceQuality "1"]

1. Nf3 f5 2. d3 Nf6 3. e4 d6 4. Nc3 e5 5. exf5 Nc6 6. d4 exd4 7. Nxd4 Nxd4 8. Qxd4 Bxf5 9. Bc4 c6 10. O-O d5 11. Re1+ Be7 12. Bd3 Bxd3 13. Qxd3 O-O 14. Bg5 Bd6 15. Re2 Bxh2+ 16. Kh1 Bd6 17. Qh3 Qd7 18. Qxd7 Nxd7 19. Be7 Bxe7 20. Rxe7 Rf7 21. Rae1 Nf6 22. f3 Kf8 23. Rxf7+ Kxf7 24. Na4 Re8 25. Rxe8 Nxe8 26. Nc5 Nd6 27. Kg1 Kf6 28. Kf2 Ke5 29. c3 d4 30. Nd7+ Kd5 31. cxd4 Kxd4 32. Ke2 c5 33. Nf8 Kd5 34. Nxh7 b5 35. Ng5 a5 36. Kd3 c4+ 37. Ke3 Nf5+ 38. Kd2 b4 39. Ne4 Nh4 40. Ng5 Nxg2 41. Ke2 Nf4+ 42. Ke3 Nd3 43. b3 Nc1 44. bxc4+ Kxc4 45. Ne4 Nxa2 0-1

[Event "Titled Tuesday intern op 05th Sep Late"]
[Site "Chess.com INT"]
[Date "2023.09.05"]
[Round "4"]
[White "Song, Michael"]
[Black "Tasev, Dejan"]
[Result "0-1"]
[WhiteElo "2399"]
[BlackElo "2205"]
[PlyCount "56"]
[GameId "1956143836418048"]
[EventDate "2023.09.05"]
[EventType "swiss (blitz)"]
[EventRounds "11"]
[EventCountry "USA"]
[SourceTitle "EXT 2024"]
[Source "ChessBase"]
[SourceDate "2023.10.10"]
[SourceVersion "1"]
[SourceVersionDate "2023.10.10"]
[SourceQuality "1"]

1. d4 Nf6 2. Bg5 e6 3. Nd2 b6 4. e3 Bb7 5. Ngf3 h6 6. Bxf6 Qxf6 7. Bd3 d6 8. c3 g5 9. h3 a6 10. e4 Nd7 11. Qe2 Bg7 12. O-O h5 13. Nh2 g4 14. hxg4 hxg4 15. Qxg4 Qh6 16. Ndf3 Bf6 17. Qh3 Qxh3 18. gxh3 O-O-O 19. Ng4 Rdg8 20. Kg2 Be7 21. Rae1 Nf6 22. Nfh2 e5 23. d5 Nh5 24. Re3 Nf4+ 25. Kh1 Nxh3 26. Rg3 Nf4 27. Rfg1 f5 28. c4 fxg4 0-1

[Event "Titled Tuesday intern op 16th Jul Late"]
[Site "Chess.com INT"]
[Date "2024.07.16"]
[Round "1"]
[White "Cardozo Munar, Carlos Eduardo"]
[Black "Song, Michael"]
[Result "1-0"]
[WhiteElo "2060"]
[BlackElo "2403"]
[PlyCount "103"]
[GameId "2070292916760576"]
[EventDate "2024.07.16"]
[EventType "swiss (blitz)"]
[EventRounds "11"]
[EventCountry "USA"]
[SourceTitle "EXT 2025"]
[Source "ChessBase"]
[SourceDate "2024.10.14"]
[SourceVersion "1"]
[SourceVersionDate "2024.10.14"]
[SourceQuality "1"]

1. d4 Nf6 2. Bg5 d5 3. Bxf6 gxf6 4. g3 c5 5. Bg2 Nc6 6. e3 e6 7. c3 f5 8. Nd2 Bd7 9. Ne2 Rc8 10. O-O h5 11. c4 dxc4 12. Nxc4 cxd4 13. Nxd4 Bg7 14. Nd6+ Ke7 15. Nxc8+ Qxc8 16. Nxc6+ bxc6 17. Qa4 Qb7 18. Rac1 Rc8 19. Qh4+ Bf6 20. Qxh5 Qxb2 21. a4 c5 22. Rb1 Qe5 23. Rb7 Rc7 24. Rxc7 Qxc7 25. Qd1 c4 26. Qc2 c3 27. h4 Qa5 28. Ra1 Qb4 29. Bf1 a5 30. Bd3 Qb2 31. Rb1 Qa3 32. Rb7 Kd6 33. Bb5 Bxb5 34. Rxb5 Kc6 35. h5 Qf8 36. Qd3 Qd8 37. Qc4+ Kd6 38. h6 Qc7 39. Qxc7+ Kxc7 40. Rc5+ Kd6 41. Rc8 Kd7 42. Rc4 Ke7 43. Kg2 Kf8 44. Kf3 Kg8 45. Ke2 Kh7 46. Rc5 Kxh6 47. Rxa5 Kg5 48. Ra7 Kg6 49. a5 Be5 50. a6 Bd6 51. Kd3 Bb4 52. Rc7 1-0

[Event "Titled Tuesday intern op 30th Jul Late"]
[Site "Chess.com INT"]
[Date "2024.07.30"]
[Round "2"]
[White "Song, Michael"]
[Black "Ragger, Markus"]
[Result "0-1"]
[WhiteElo "2403"]
[BlackElo "2603"]
[PlyCount "68"]
[GameId "2075361434996736"]
[EventDate "2024.07.30"]
[EventType "swiss (blitz)"]
[EventRounds "11"]
[EventCountry "USA"]
[SourceTitle "EXT 2025"]
[Source "ChessBase"]
[SourceDate "2024.10.14"]
[SourceVersion "1"]
[SourceVersionDate "2024.10.14"]
[SourceQuality "1"]

1. d4 Nf6 2. c4 g6 3. h4 d6 4. Nc3 Nbd7 5. e4 e5 6. d5 Nc5 7. f3 a5 8. Be3 h5 9. Nh3 Bh6 10. Ng5 Ng8 11. Qd2 f6 12. Nh3 Qe7 13. Bxh6 Nxh6 14. O-O-O Bd7 15. Nf2 Nf7 16. Nd3 Qf8 17. Nxc5 dxc5 18. d6 Nxd6 19. Nd5 Kd8 20. Be2 Ra6 21. Qc3 Qh6+ 22. Rd2 Rf8 23. Rhd1 Be6 24. Kb1 Qg7 25. Qa3 Bxd5 26. cxd5 c4 27. Rc1 b5 28. Qc5 Qd7 29. a4 Rb6 30. Ka1 Ke7 31. axb5 Rxb5 32. Qa3 Rb3 33. Qa2 Rb4 34. Rdc2 Ra4 0-1

[Event "Titled Tuesday intern op 30th Jul Late"]
[Site "Chess.com INT"]
[Date "2024.07.30"]
[Round "3"]
[White "Buenafe Moya, Javier"]
[Black "Song, Michael"]
[Result "0-1"]
[WhiteElo "2161"]
[BlackElo "2403"]
[PlyCount "102"]
[GameId "2075361435770880"]
[EventDate "2024.07.30"]
[EventType "swiss (blitz)"]
[EventRounds "11"]
[EventCountry "USA"]
[SourceTitle "EXT 2025"]
[Source "ChessBase"]
[SourceDate "2024.10.14"]
[SourceVersion "1"]
[SourceVersionDate "2024.10.14"]
[SourceQuality "1"]

1. c4 c5 2. Nf3 Nc6 3. d4 cxd4 4. Nxd4 g6 5. g3 Bg7 6. Nc2 h5 7. h3 Nf6 8. Bg2 d6 9. Nc3 Be6 10. b3 Rc8 11. Bg5 Nd7 12. Qd2 Qa5 13. Nd5 Qxd2+ 14. Kxd2 Bxa1 15. Rxa1 f6 16. Be3 Bf7 17. h4 e6 18. Nc3 Ke7 19. Ne1 a6 20. Nd3 Nde5 21. Ne4 Ng4 22. a3 Nxe3 23. Kxe3 e5 24. Rb1 Nd4 25. Nc3 b5 26. Nd5+ Bxd5 27. Bxd5 bxc4 28. Bxc4 Nc2+ 29. Ke4 Nxa3 30. Ra1 f5+ 31. Kd5 Nxc4 32. bxc4 Ra8 33. Nb4 Rhc8 34. Ra5 Rc5+ 35. Rxc5 dxc5 36. Kxc5 a5 37. Nc6+ Ke6 38. Kb5 a4 39. Nb4 a3 40. Na2 Rb8+ 41. Ka4 Rb2 42. Kxa3 Rxe2 43. f4 Re3+ 44. Kb4 Rxg3 45. Nc3 exf4 46. c5 Rxc3 47. Kxc3 Kd5 48. Kb4 f3 49. Kb5 f2 50. Kb6 f1=Q 51. c6 Qb1+ 0-1

[Event "Titled Tuesday intern op 30th Jul Late"]
[Site "Chess.com INT"]
[Date "2024.07.30"]
[Round "4"]
[White "Arslanov, Shamil"]
[Black "Song, Michael"]
[Result "1-0"]
[WhiteElo "2410"]
[BlackElo "2403"]
[PlyCount "89"]
[GameId "2075361437368320"]
[EventDate "2024.07.30"]
[EventType "swiss (blitz)"]
[EventRounds "11"]
[EventCountry "USA"]
[SourceTitle "EXT 2025"]
[Source "ChessBase"]
[SourceDate "2024.10.14"]
[SourceVersion "1"]
[SourceVersionDate "2024.10.14"]
[SourceQuality "1"]

1. d4 Nf6 2. f3 d5 3. e4 dxe4 4. Nc3 Bf5 5. fxe4 Nxe4 6. Qf3 Nd6 7. Bf4 e6 8. O-O-O Nd7 9. g4 Bg6 10. Qe3 c6 11. Nf3 Nf6 12. Ne5 Be7 13. h4 Be4 14. Nxe4 Nfxe4 15. g5 f5 16. gxf6 gxf6 17. Nc4 f5 18. Qf3 Nf6 19. Nxd6+ Bxd6 20. Bc4 Bxf4+ 21. Qxf4 Nd5 22. Bxd5 Qxd5 23. Qg5 Qxa2 24. Rhe1 Rf8 25. c3 a5 26. Qh6 Ke7 27. Qxh7+ Rf7 28. Qh6 a4 29. Qg5+ Kd7 30. Qg6 Re7 31. Kd2 Qxb2+ 32. Kd3 Qb5+ 33. Ke3 Qd5 34. Rb1 b5 35. h5 a3 36. Kf2 a2 37. Ra1 Ra3 38. Rec1 Qc4 39. h6 Rxc3 40. Qg5 Qxd4+ 41. Kg2 Qe4+ 42. Kf2 Rf3+ 43. Kg1 Rh3 44. Rd1+ Ke8 45. Qg8# 1-0

[Event "Titled Tuesday 2025.01.14 Late"]
[Site "chess.com INT"]
[Date "2025.01.14"]
[Round "2"]
[White "Anishka, Vikram"]
[Black "Song, Michael"]
[Result "0-1"]
[WhiteElo "1852"]
[BlackElo "2403"]
[PlyCount "120"]
[GameId "2136239186292767"]
[EventDate "2025.01.14"]
[EventType "swiss (blitz)"]
[EventRounds "11"]
[EventCountry "NET"]
[SourceTitle "The Week in Chess 1576"]
[Source "Mark Crowther"]
[SourceDate "2025.01.20"]
[SourceVersion "1"]
[SourceVersionDate "2025.01.20"]
[SourceQuality "2"]

1. d4 Nf6 2. c4 c5 3. d5 e6 4. Nc3 exd5 5. cxd5 d6 6. e4 g6 7. Bb5+ Nfd7 8. f4 a6 9. Bd3 b5 10. Nf3 Bg7 11. O-O O-O 12. Re1 c4 13. Bc2 Nc5 14. a3 Bg4 15. h3 Bxf3 16. Qxf3 Nbd7 17. Be3 Re8 18. Bf2 Rb8 19. Kh1 b4 20. axb4 Rxb4 21. Na4 Nxa4 22. Rxa4 Rxa4 23. Bxa4 Bxb2 24. Rb1 c3 25. Be1 Qc7 26. Bxd7 Qxd7 27. Bxc3 Bxc3 28. Qxc3 Rxe4 29. Rb8+ Re8 30. Rxe8+ Qxe8 31. Qc6 Qe1+ 32. Kh2 Qb4 33. Qxa6 Qxf4+ 34. Kh1 Qe5 35. Qc6 h5 36. Kg1 h4 37. Kh1 Kg7 38. Kg1 g5 39. Qc4 Kg6 40. Qd3+ f5 41. Qf3 Kf6 42. Qb3 Qe1+ 43. Kh2 Qg3+ 44. Qxg3 hxg3+ 45. Kxg3 Ke5 46. Kf3 Kxd5 47. g3 Ke5 48. h4 gxh4 49. gxh4 d5 50. h5 Kf6 51. Kf4 d4 52. Kf3 Kg5 53. Ke2 f4 54. Kd3 f3 55. Kd2 Kxh5 56. Ke1 Kg4 57. Kf2 Kf4 58. Ke1 Ke3 59. Kf1 f2 60. Kg2 Ke2 0-1

[Event "Titled Tuesday 2025.01.14 Late"]
[Site "chess.com INT"]
[Date "2025.01.14"]
[Round "3"]
[White "Song, Michael"]
[Black "De Lima, Valdenicio Marcelin"]
[Result "1-0"]
[WhiteElo "2403"]
[BlackElo "1971"]
[PlyCount "65"]
[GameId "2136239186395416"]
[EventDate "2025.01.14"]
[EventType "swiss (blitz)"]
[EventRounds "11"]
[EventCountry "NET"]
[SourceTitle "The Week in Chess 1576"]
[Source "Mark Crowther"]
[SourceDate "2025.01.20"]
[SourceVersion "1"]
[SourceVersionDate "2025.01.20"]
[SourceQuality "2"]

1. d4 Nf6 2. Bg5 c5 3. d5 e5 4. Nc3 d6 5. e4 Be7 6. Bb5+ Bd7 7. a4 a6 8. Bxd7+ Nbxd7 9. Nf3 Qa5 10. Nd2 h6 11. Be3 Rb8 12. Ra3 O-O 13. Qe2 Ne8 14. O-O f5 15. exf5 Rxf5 16. Nc4 Qc7 17. Qg4 Rf6 18. Ne4 b5 19. axb5 axb5 20. Nxf6+ Bxf6 21. Qe6+ Kh7 22. Na5 Nf8 23. Qf5+ g6 24. Qh3 Bg7 25. Nc6 Rb7 26. Ra8 Nf6 27. Bxh6 Nxd5 28. Rxf8 Bxh6 29. Rc8 Qf7 30. Ra1 Nf4 31. Qg4 Rc7 32. Rxc7 Qxc7 33. Ra7 1-0

[Event "Titled Tuesday 2025.01.14 Late"]
[Site "chess.com INT"]
[Date "2025.01.14"]
[Round "4"]
[White "Song, Michael"]
[Black "Antonio, R."]
[Result "0-1"]
[WhiteElo "2403"]
[BlackElo "2363"]
[PlyCount "34"]
[GameId "2136239186489860"]
[EventDate "2025.01.14"]
[EventType "swiss (blitz)"]
[EventRounds "11"]
[EventCountry "NET"]
[SourceTitle "The Week in Chess 1576"]
[Source "Mark Crowther"]
[SourceDate "2025.01.20"]
[SourceVersion "1"]
[SourceVersionDate "2025.01.20"]
[SourceQuality "2"]

1. e4 c6 2. Nc3 d5 3. d3 Nf6 4. g3 Bg4 5. Be2 h5 6. h3 Be6 7. e5 Nfd7 8. f4 g6 9. Nf3 Bg7 10. Nd4 Nf8 11. Nxe6 Nxe6 12. Bf3 Nd4 13. Be3 Nxf3+ 14. Qxf3 d4 15. e6 f5 16. Ne4 Qd5 17. c4 fxe4 0-1

[Event "Ontario op"]
[Site "Ottawa CAN"]
[Date "2017.05.20"]
[Round "1"]
[White "Song, Michael"]
[Black "Liu, Lambert"]
[Result "1-0"]
[WhiteElo "2547"]
[BlackElo "2189"]
[PlyCount "50"]
[GameId "2160767908411354"]
[EventDate "2017.05.20"]
[EventType "swiss"]
[EventRounds "6"]
[EventCountry "CAN"]

1. d4 f5 2. Bg5 g6 3. Nc3 Bg7 4. h4 h6 5. Bf4 Nf6 6. Qd2 d6 7. O-O-O Nbd7 8. e3 Nb6 9. Bd3 Bd7 10. e4 e6 11. Nf3 fxe4 12. Nxe4 Qe7 13. Qe2 O-O-O 14. Rhe1 Rhe8 15. Bd2 Kb8 16. Nxf6 Qxf6 17. Be4 Nd5 18. Kb1 Bc8 19. c4 Ne7 20. Bc2 Nf5 21. Rh1 Qe7 22. Bc1 Qf8 23. Rh2 Qf7 24. Rd3 Bf8 25. g4 Ne7 1-0

[Event "Ontario op"]
[Site "Ottawa CAN"]
[Date "2017.05.20"]
[Round "3"]
[White "Song, Michael"]
[Black "Sambuev, Bator"]
[Result "1/2-1/2"]
[WhiteElo "2547"]
[BlackElo "2599"]
[PlyCount "62"]
[GameId "2160767908411362"]
[EventDate "2017.05.20"]
[EventType "swiss"]
[EventRounds "6"]
[EventCountry "CAN"]
[SourceTitle "EXT 2022"]
[Source "ChessBase"]
[SourceDate "2021.10.06"]
[SourceVersion "1"]
[SourceVersionDate "2021.10.06"]
[SourceQuality "1"]

1. d4 e6 2. c4 Nf6 3. Nc3 Bb4 4. e3 c5 5. Nge2 cxd4 6. exd4 O-O 7. a3 Be7 8. Nf4 d5 9. cxd5 Nxd5 10. Ncxd5 exd5 11. Bd3 Nc6 12. O-O Bf6 13. Be3 g6 14. Rc1 Be6 15. b4 Qd6 16. Nxe6 fxe6 17. Qg4 Rf7 18. Rc5 Bg7 19. g3 Raf8 20. Bb1 b6 21. Rc2 e5 22. Rfc1 Nxd4 23. Bxd4 exd4 24. Rc6 Qe7 25. Re6 Qd7 26. f4 d3 27. Bxd3 Qa4 28. Qd1 Qxa3 29. b5 Re7 30. Rxe7 Qxe7 31. Qe2 Qxe2 1/2-1/2

[Event "Ontario op"]
[Site "Ottawa CAN"]
[Date "2017.05.21"]
[Round "4"]
[White "Cai, Jason"]
[Black "Song, Michael"]
[Result "0-1"]
[WhiteElo "1946"]
[BlackElo "2547"]
[PlyCount "98"]
[GameId "2160767908411369"]
[EventDate "2017.05.20"]
[EventType "swiss"]
[EventRounds "6"]
[EventCountry "CAN"]
[SourceTitle "EXT 2022"]
[Source "ChessBase"]
[SourceDate "2021.10.06"]
[SourceVersion "1"]
[SourceVersionDate "2021.10.06"]
[SourceQuality "1"]

1. e4 c5 2. Nf3 e6 3. d4 cxd4 4. Nxd4 Nc6 5. Nc3 Qc7 6. Be3 a6 7. Qf3 Ne5 8. Qg3 h5 9. f3 b5 10. O-O-O Bb7 11. Kb1 b4 12. Na4 Nf6 13. Bd3 h4 14. Qf2 d5 15. exd5 Nxd3 16. Rxd3 Nxd5 17. Nb3 Nxe3 18. Qxe3 Be7 19. Nb6 Rd8 20. Rhd1 Rxd3 21. Rxd3 Bc6 22. c4 O-O 23. h3 Rb8 24. c5 a5 25. Nc4 a4 26. Nd4 Bd5 27. Nb6 Bxc5 28. Nxd5 exd5 29. Qc1 Rc8 30. f4 Qd7 31. Qd2 Bxd4 32. Rxd4 Qf5+ 33. Qd3 Qxd3+ 34. Rxd3 Rc4 35. f5 Rf4 36. Rxd5 b3 37. axb3 axb3 38. Kc1 Rf2 39. Rb5 Rc2+ 40. Kb1 Rxg2 41. Rxb3 Rg3 42. Ra3 Kf8 43. Kc2 Ke7 44. Rd3 Kf6 45. b4 Rxd3 46. Kxd3 Kxf5 47. Ke3 Ke5 48. Kf3 f5 49. b5 g5 0-1

[Event "Ontario op"]
[Site "Ottawa CAN"]
[Date "2017.05.22"]
[Round "5"]
[White "Gordon, David"]
[Black "Song, Michael"]
[Result "1/2-1/2"]
[WhiteElo "2315"]
[BlackElo "2547"]
[PlyCount "71"]
[GameId "2160767908411373"]
[EventDate "2017.05.20"]
[EventType "swiss"]
[EventRounds "6"]
[EventCountry "CAN"]
[SourceTitle "EXT 2022"]
[Source "ChessBase"]
[SourceDate "2021.10.06"]
[SourceVersion "1"]
[SourceVersionDate "2021.10.06"]
[SourceQuality "1"]

1. d4 Nf6 2. Bg5 d5 3. Bxf6 gxf6 4. c4 dxc4 5. e3 c5 6. Bxc4 cxd4 7. Nc3 Nc6 8. Qh5 e6 9. O-O-O Qa5 10. Qxa5 Nxa5 11. Bb5+ Ke7 12. exd4 a6 13. Bd3 Nc6 14. Nf3 Nb4 15. Bc4 Bd7 16. Rhe1 Rc8 17. Bb3 Bb5 18. Bc2 Bc4 19. a3 Nxc2 20. Kxc2 Rg8 21. g3 Bd5 22. Nd2 Bg7 23. Kb1 Rgd8 24. Nxd5+ Rxd5 25. Nf1 f5 26. Ne3 Rb5 27. a4 Ra5 28. d5 Kf8 29. dxe6 fxe6 30. Rd7 Rxa4 31. Rxb7 Rc5 32. Rd1 Rd4 33. Rb8+ Kf7 34. Rb7+ Kf8 35. Rb8+ Kf7 36. Rb7+ 1/2-1/2

[Event "Hart House Holidays op"]
[Site "Toronto CAN"]
[Date "2016.12.16"]
[Round "1"]
[White "Song, Michael"]
[Black "Cai, Jason"]
[Result "1-0"]
[WhiteElo "2492"]
[BlackElo "2210"]
[PlyCount "119"]
[GameId "2160767908475477"]
[EventDate "2016.12.16"]
[EventType "swiss"]
[EventRounds "5"]
[EventCountry "CAN"]
[SourceTitle "EXT 2022"]
[Source "ChessBase"]
[SourceDate "2021.10.06"]
[SourceVersion "1"]
[SourceVersionDate "2021.10.06"]
[SourceQuality "1"]

1. d4 e6 2. c4 Bb4+ 3. Bd2 a5 4. Nc3 f5 5. e4 Bxc3 6. Bxc3 fxe4 7. Qg4 Nf6 8. Qxg7 Rg8 9. Qh6 d5 10. Nh3 Rg6 11. Qd2 b6 12. Nf4 Rg8 13. g3 Qe7 14. Bh3 Bd7 15. Qe2 Na6 16. O-O O-O-O 17. c5 Kb7 18. Rfc1 Ka7 19. Bf1 Bc8 20. Qb5 Qd7 21. a3 Nb8 22. Qxd7 Bxd7 23. b4 Nc6 24. Bb2 Ne7 25. cxb6+ cxb6 26. Nxe6 Rc8 27. Nc7 Kb8 28. Na6+ Ka8 29. bxa5 bxa5 30. Nc5 Bc6 31. Bc3 a4 32. Rab1 Rb8 33. Rb4 Ng4 34. h3 Nf6 35. Nxa4 e3 36. Rxb8+ Kxb8 37. Nc5 Nf5 38. g4 h5 39. f3 hxg4 40. hxg4 Nxg4 41. fxg4 Rxg4+ 42. Kh2 Nxd4 43. Bxd4 Rxd4 44. Nb3 Rf4 45. Kg3 Rf6 46. Nd4 Bd7 47. Bd3 Rf2 48. Be2 Rf8 49. Rc3 Re8 50. Bf3 Ba4 51. Kf4 Ka7 52. Rxe3 Rf8+ 53. Ke5 Re8+ 54. Ne6 Kb6 55. Bxd5 Ka5 56. Kd6 Rb8 57. Nd4 Rb6+ 58. Kc5 Rb1 59. Re7 Rc1+ 60. Bc4 1-0

[Event "Hart House Holidays op"]
[Site "Toronto CAN"]
[Date "2016.12.18"]
[Round "5"]
[White "Song, Michael"]
[Black "Plotkin, Victor"]
[Result "1/2-1/2"]
[WhiteElo "2492"]
[BlackElo "2405"]
[PlyCount "63"]
[GameId "2160767908475506"]
[EventDate "2016.12.16"]
[EventType "swiss"]
[EventRounds "5"]
[EventCountry "CAN"]
[SourceTitle "EXT 2022"]
[Source "ChessBase"]
[SourceDate "2021.10.06"]
[SourceVersion "1"]
[SourceVersionDate "2021.10.06"]
[SourceQuality "1"]

1. c4 Nf6 2. d4 e6 3. Nc3 d5 4. cxd5 exd5 5. Bg5 c6 6. Qc2 Be7 7. e3 Nbd7 8. Bd3 h6 9. Bh4 Nh5 10. Bxe7 Qxe7 11. Nge2 Ndf6 12. h3 g6 13. g4 Ng7 14. Ng3 Ne6 15. O-O-O Bd7 16. Kb1 O-O-O 17. f4 Nc7 18. Rde1 Qd6 19. Qf2 Rde8 20. e4 dxe4 21. Ngxe4 Nxe4 22. Nxe4 Qf8 23. f5 gxf5 24. gxf5 Kb8 25. Bc4 f6 26. Re3 Rh7 27. Rhe1 Bc8 28. Qf4 Rhe7 29. Rg3 Rg7 30. Qxh6 Rxg3 31. Qxf8 Rxf8 32. Nxg3 1/2-1/2